Alle Nachbarländer zu Land #5 - Statistiken

Allgemein
  • Dieses Quiz wurde 47 mal gespielt
  • Das Durchschnittsergebnis liegt bei 24 aus 28
Antwortstatistiken
Länge Antwort % Korrekt
1.900km Marokko
98%
1.034km Tunesien
98%
41km (Westsahara)
98%
467km Deutschland
93%
951km Niger
93%
796km Tschechien
93%
535km Ukraine
93%
811km Irak
91%
1.307km Jemen
91%
989km Libyen
91%
342km Libyen
91%
210km Russland
91%
1.359km Mali
88%
838km Mali
88%
1.608km Nigeria
88%
658km Oman
88%
457km Vereinigte Arabische Emirate
88%
104km Litauen
86%
460km Mauretanien
86%
541km Slowakei
86%
418km Belarus
84%
87km Katar
84%
221km Kuwait
84%
731km Jordanien
81%
1.196km Tschad
81%
622km Burkina Faso
74%
951km Algerien
63%
277km Benin
56%
Keine übereinstimmenden Quizze gefunden
Verteilung der Resultate
Anzahl Personen mit jedem Resultat
Perzentil nach korrekt beantworteten Fragen
Ihre Resultats-Entwicklung
Sie haben dieses Quiz noch nicht gespielt